000 00325nam a22001457a 4500
008 230622b ||||| |||| 00| 0 eng d
020 _a9781607419761
041 _aeng
080 _a61
082 _a61BRO
100 _a7
101 _aMJKS
245 _aNEW DIRECTIONS IN AGING RESEARCH
_cBROUGHAM.R.R
942 _2udc
_cBK
999 _c60027
_d60027